[Event "DVM U14 2021"]
[Site "Willingen GER"]
[Date "2022.08.15"]
[Round "5"]
[White "Prinzen, Siri Marleen"]
[Black "Le, Dinh An"]
[Result "1/2-1/2"]
[Termination "normal"]
[Board "7.2"]
[WhiteElo "1801"]
[BlackElo "1470"]
[WhiteClock "00:02:26"]
[BlackClock "00:05:32"]
[WhiteTeam "SK Tarrasch 1945 München"]
[BlackTeam "SchachAkademiePaderborn"]
[PlyCount "134"]
[WhiteFideId "16265912"]
[BlackFideId "34607277"]
[EventCountry "GER"]
[EventRounds "7"]
[EventType "team-swiss"]
[EventDate "2022.08.12"]

1. d4 {[%clk 01:30:59]} Nf6 {[%clk 01:30:51]} {[%emt 00:00:09]} 2. Bf4 {[%clk
01:31:24]} {[%emt 00:00:05]} d5 {[%clk 01:31:13]} {[%emt 00:00:08]} 3. e3
{[%clk 01:31:50]} {[%emt 00:00:05]} c5 {[%clk 01:31:27]} {[%emt 00:00:15]} 4.
c3 {[%clk 01:31:27]} {[%emt 00:00:52]} e6 {[%clk 01:31:26]} {[%emt 00:00:32]}
5. Nd2 {[%clk 01:31:48]} {[%emt 00:00:09]} Nc6 {[%clk 01:31:12]} {[%emt
00:00:44]} 6. Ngf3 {[%clk 01:31:54]} {[%emt 00:00:23]} Nh5 {[%clk 01:31:15]}
{[%emt 00:00:27]} 7. Bg3 {[%clk 01:26:47]} {[%emt 00:05:37]} cxd4 {[%clk
01:30:58]} {[%emt 00:00:48]} 8. exd4 {[%clk 01:26:50]} {[%emt 00:00:27]} f6
{[%clk 01:30:30]} {[%emt 00:00:58]} 9. Nh4 {[%clk 01:22:41]} {[%emt 00:04:39]}
g6 {[%clk 01:30:01]} {[%emt 00:00:59]} 10. Bd3 {[%clk 01:21:52]} {[%emt
00:01:19]} Ng7 {[%clk 01:23:53]} {[%emt 00:06:38]} 11. Nhf3 {[%clk 01:18:38]}
{[%emt 00:03:44]} Bd6 {[%clk 01:23:10]} {[%emt 00:01:13]} 12. Qe2 {[%clk
01:17:49]} {[%emt 00:01:18]} O-O {[%clk 01:22:15]} {[%emt 00:01:24]} 13. O-O
{[%clk 01:12:30]} {[%emt 00:05:50]} Re8 {[%clk 01:21:39]} {[%emt 00:01:06]} 14.
Bb5 {[%clk 01:08:33]} {[%emt 00:04:27]} Nh5 {[%clk 01:19:32]} {[%emt 00:02:37]}
15. Bxd6 {[%clk 01:03:17]} {[%emt 00:05:46]} Qxd6 {[%clk 01:19:49]} {[%emt
00:00:13]} 16. g3 {[%clk 01:01:55]} {[%emt 00:01:52]} e5 {[%clk 01:16:05]}
{[%emt 00:04:14]} 17. dxe5 {[%clk 00:58:13]} {[%emt 00:04:11]} fxe5 {[%clk
01:16:04]} {[%emt 00:00:31]} 18. Nh4 {[%clk 00:56:14]} {[%emt 00:02:29]} e4
{[%clk 01:12:27]} {[%emt 00:04:08]} 19. Rad1 {[%clk 00:52:49]} {[%emt
00:03:55]} Nf6 {[%clk 01:10:42]} {[%emt 00:02:15]} 20. Nc4 {[%clk 00:46:31]}
{[%emt 00:06:47]} Qc5 {[%clk 01:09:26]} {[%emt 00:01:46]} 21. Ne3 {[%clk
00:46:22]} {[%emt 00:00:40]} Re7 {[%clk 01:03:23]} {[%emt 00:06:32]} 22. Bxc6
{[%clk 00:42:15]} {[%emt 00:04:37]} bxc6 {[%clk 01:03:23]} {[%emt 00:00:30]}
23. Qd2 {[%clk 00:40:59]} {[%emt 00:01:45]} Ba6 {[%clk 00:54:58]} {[%emt
00:08:55]} 24. Rfe1 {[%clk 00:40:14]} {[%emt 00:01:15]} Rf8 {[%clk 00:52:23]}
{[%emt 00:03:04]} 25. Qd4 {[%clk 00:38:28]} {[%emt 00:02:17]} Qd6 {[%clk
00:42:21]} {[%emt 00:10:31]} 26. Nhg2 {[%clk 00:33:56]} {[%emt 00:05:02]} Nh5
{[%clk 00:41:05]} {[%emt 00:01:47]} 27. c4 {[%clk 00:31:57]} {[%emt 00:02:29]}
Ref7 {[%clk 00:37:57]} {[%emt 00:03:37]} 28. Ng4 {[%clk 00:30:57]} {[%emt
00:01:31]} g5 {[%clk 00:34:54]} {[%emt 00:03:33]} 29. cxd5 {[%clk 00:22:25]}
{[%emt 00:09:02]} cxd5 {[%clk 00:34:18]} {[%emt 00:01:06]} 30. Qxd5 {[%clk
00:22:00]} {[%emt 00:00:54]} Qxd5 {[%clk 00:29:38]} {[%emt 00:05:11]} 31. Rxd5
{[%clk 00:22:15]} {[%emt 00:00:14]} Re7 {[%clk 00:29:24]} {[%emt 00:00:43]} 32.
Rxg5+ {[%clk 00:22:21]} {[%emt 00:00:26]} Ng7 {[%clk 00:29:42]} {[%emt
00:00:11]} 33. Nf4 {[%clk 00:20:35]} {[%emt 00:02:17]} Kh8 {[%clk 00:29:20]}
{[%emt 00:00:52]} 34. Re5 {[%clk 00:19:28]} {[%emt 00:01:36]} Rxe5 {[%clk
00:25:06]} {[%emt 00:04:45]} 35. Nxe5 {[%clk 00:19:33]} {[%emt 00:00:25]} Bb7
{[%clk 00:25:15]} {[%emt 00:00:20]} 36. Nfg6+ {[%clk 00:16:23]} {[%emt
00:03:40]} hxg6 {[%clk 00:25:30]} {[%emt 00:00:16]} 37. Nxg6+ {[%clk 00:16:52]}
Kg8 {[%clk 00:25:49]} {[%emt 00:00:11]} 38. Nxf8 {[%clk 00:17:18]} {[%emt
00:00:04]} Kxf8 {[%clk 00:26:08]} {[%emt 00:00:11]} 39. Rc1 {[%clk 00:17:20]}
{[%emt 00:00:29]} Ne6 {[%clk 00:25:59]} {[%emt 00:00:39]} 40. Rc4 {[%clk
00:16:06]} {[%emt 00:01:42]} Kf7 {[%clk 00:21:06]} {[%emt 00:05:25]} 41. Ra4
{[%clk 00:15:30]} {[%emt 00:01:06]} a6 {[%clk 00:21:08]} {[%emt 00:00:28]} 42.
Kf1 {[%clk 00:14:43]} {[%emt 00:01:17]} Nc5 {[%clk 00:20:56]} {[%emt 00:00:41]}
43. Rb4 {[%clk 00:14:44]} {[%emt 00:00:29]} a5 {[%clk 00:21:00]} {[%emt
00:00:27]} 44. Rd4 {[%clk 00:14:24]} {[%emt 00:00:50]} Ke6 {[%clk 00:21:11]}
{[%emt 00:00:18]} 45. Ke2 {[%clk 00:10:07]} {[%emt 00:04:47]} Ke5 {[%clk
00:19:09]} {[%emt 00:02:33]} 46. Ke3 {[%clk 00:09:48]} {[%emt 00:00:49]} Nd3
{[%clk 00:17:25]} {[%emt 00:02:13]} 47. Rxd3 {[%clk 00:08:01]} {[%emt
00:02:17]} exd3 {[%clk 00:17:49]} {[%emt 00:00:06]} 48. Kxd3 {[%clk 00:08:28]}
{[%emt 00:00:04]} Bf3 {[%clk 00:18:03]} {[%emt 00:00:16]} 49. Ke3 {[%clk
00:08:25]} {[%emt 00:00:33]} Bh5 {[%clk 00:17:59]} {[%emt 00:00:32]} 50. h3
{[%clk 00:08:35]} {[%emt 00:00:22]} a4 {[%clk 00:17:59]} {[%emt 00:00:30]} 51.
g4 {[%clk 00:08:30]} {[%emt 00:00:35]} Bg6 {[%clk 00:17:54]} {[%emt 00:00:34]}
52. f4+ {[%clk 00:08:42]} {[%emt 00:00:19]} Kf6 {[%clk 00:18:06]} {[%emt
00:00:18]} 53. a3 {[%clk 00:08:51]} {[%emt 00:00:21]} Bh7 {[%clk 00:17:46]}
{[%emt 00:00:50]} 54. h4 {[%clk 00:08:44]} {[%emt 00:00:37]} Bc2 {[%clk
00:15:35]} {[%emt 00:02:41]} 55. Kd4 {[%clk 00:08:08]} {[%emt 00:01:05]} Bd1
{[%clk 00:15:33]} {[%emt 00:00:32]} 56. g5+ {[%clk 00:06:57]} {[%emt 00:01:41]}
Kg6 {[%clk 00:08:46]} {[%emt 00:07:18]} 57. b4 {[%clk 00:03:14]} {[%emt
00:04:14]} axb3 {[%clk 00:08:59]} {[%emt 00:00:16]} 58. Kc3 {[%clk 00:03:40]}
{[%emt 00:00:04]} Kf5 {[%clk 00:07:15]} {[%emt 00:02:13]} 59. Kb2 {[%clk
00:03:32]} {[%emt 00:00:39]} Kxf4 {[%clk 00:05:38]} {[%emt 00:02:07]} 60. g6
{[%clk 00:02:59]} {[%emt 00:01:03]} Bc2 {[%clk 00:04:36]} {[%emt 00:01:33]} 61.
g7 {[%clk 00:02:22]} {[%emt 00:01:08]} Bh7 {[%clk 00:04:58]} {[%emt 00:00:08]}
62. Kxb3 {[%clk 00:02:44]} {[%emt 00:00:09]} Kf5 {[%clk 00:05:02]} {[%emt
00:00:25]} 63. Kc4 {[%clk 00:01:14]} {[%emt 00:02:00]} Kg6 {[%clk 00:04:44]}
{[%emt 00:00:48]} 64. Kd4 {[%clk 00:01:35]} {[%emt 00:00:09]} Kxg7 {[%clk
00:05:06]} {[%emt 00:00:08]} 65. Ke5 {[%clk 00:01:47]} {[%emt 00:00:18]} Kh6
{[%clk 00:04:44]} {[%emt 00:00:52]} 66. Kf4 {[%clk 00:02:08]} {[%emt 00:00:09]}
Kh5 {[%clk 00:05:08]} {[%emt 00:00:06]} 67. Kg3 {[%clk 00:02:26]} {[%emt
00:00:11]} Bc2 {[%clk 00:05:32]} {[%emt 00:00:06]} 1/2-1/2

[Event "DVM U14 2021"]
[Site "Willingen GER"]
[Date "2022.08.15"]
[Round "5"]
[White "Schwartz, Oliver"]
[Black "Reus, Nicholas"]
[Result "1-0"]
[Termination "normal"]
[Board "8.1"]
[WhiteElo "1872"]
[BlackElo "1663"]
[WhiteClock "00:03:45"]
[BlackClock "00:07:52"]
[WhiteTeam "SC Ostfildern 1952"]
[BlackTeam "Stuttgarter SF 1879"]
[PlyCount "63"]
[WhiteFideId "16207459"]
[BlackFideId "34612424"]
[EventCountry "GER"]
[EventRounds "7"]
[EventType "team-swiss"]
[EventDate "2022.08.12"]

1. d4 {[%clk 01:30:55]} {[%emt 00:00:07]} d5 {[%clk 01:31:17]} 2. c4 {[%clk
01:31:19]} e6 {[%clk 01:31:41]} 3. Nc3 {[%clk 01:31:35]} c6 {[%clk 01:30:30]}
4. e4 {[%clk 01:31:57]} dxe4 {[%clk 01:30:53]} 5. Nxe4 {[%clk 01:32:16]} Bb4+
{[%clk 01:30:29]} 6. Bd2 {[%clk 01:32:28]} Qxd4 {[%clk 01:30:53]} 7. Bxb4
{[%clk 01:32:52]} Qxe4+ {[%clk 01:29:17]} 8. Ne2 {[%clk 01:32:33]} Nd7 {[%clk
01:22:32]} 9. Qd6 {[%clk 01:30:41]} Qe5 {[%clk 01:19:23]} 10. Qd2 {[%clk
01:22:24]} Ndf6 {[%clk 01:11:28]} 11. O-O-O {[%clk 01:19:32]} Bd7 {[%clk
01:02:22]} 12. Ng3 {[%clk 01:13:45]} c5 {[%clk 00:56:54]} 13. Bc3 {[%clk
01:13:40]} Qc7 {[%clk 00:47:35]} 14. Qe3 {[%clk 00:45:32]} h5 {[%clk 00:37:05]}
15. Nf5 {[%clk 00:28:50]} Rh7 {[%clk 00:32:23]} 16. Nd6+ {[%clk 00:27:45]} Kf8
{[%clk 00:29:04]} 17. Be2 {[%clk 00:23:19]} Nh6 {[%clk 00:19:46]} 18. Qf4
{[%clk 00:12:36]} Ne8 {[%clk 00:15:11]} 19. Be5 {[%clk 00:07:15]} Qb6 {[%clk
00:14:05]} 20. Nxf7 {[%clk 00:07:39]} Nxf7 {[%clk 00:14:28]} 21. Rxd7 {[%clk
00:07:54]} g6 {[%clk 00:11:29]} 22. Bf3 {[%clk 00:04:25]} Rd8 {[%clk 00:08:42]}
23. Bc7 {[%clk 00:04:04]} Rxd7 {[%clk 00:09:07]} 24. Bxb6 {[%clk 00:04:25]}
axb6 {[%clk 00:08:42]} 25. Qe4 {[%clk 00:02:51]} Ng5 {[%clk 00:07:39]} 26. Qxg6
{[%clk 00:03:12]} Nxf3 {[%clk 00:08:06]} 27. gxf3 {[%clk 00:02:32]} Nc7 {[%clk
00:06:55]} 28. Re1 {[%clk 00:02:39]} Rdg7 {[%clk 00:07:16]} 29. Qf6+ {[%clk
00:03:02]} Rf7 {[%clk 00:07:30]} 30. Qd8+ {[%clk 00:03:28]} Kg7 {[%clk
00:07:52]} 31. Rg1+ {[%clk 00:03:45]} Kh6 32. Qg5# {[%clk 00:03:45]} {[%emt
03:20:20]} 1-0

[Event "DVM U14 2021"]
[Site "Willingen GER"]
[Date "2022.08.15"]
[Round "5"]
[White "Eichhorn, Valentin"]
[Black "Ehrig, Leon Chris"]
[Result "1/2-1/2"]
[Termination "normal"]
[Board "9.1"]
[WhiteElo "1506"]
[BlackElo "1832"]
[WhiteClock "00:05:17"]
[BlackClock "00:03:39"]
[WhiteTeam "Karlsruher SF 1853"]
[BlackTeam "USG Chemnitz"]
[PlyCount "77"]
[WhiteFideId "16239032"]
[BlackFideId "16244796"]
[EventCountry "GER"]
[EventRounds "7"]
[EventType "team-swiss"]
[EventDate "2022.08.12"]

1. d4 {[%clk 01:30:55]} {[%emt 00:00:35]} c5 {[%clk 01:29:55]} 2. e3 {[%clk
01:29:02]} cxd4 {[%clk 01:30:11]} 3. exd4 {[%clk 01:29:19]} g6 {[%clk
01:30:09]} 4. Nf3 {[%clk 01:28:38]} d5 {[%clk 01:30:08]} 5. Bd3 {[%clk
01:28:50]} Bg7 {[%clk 01:27:38]} 6. Bf4 {[%clk 01:27:18]} Nc6 {[%clk 01:26:49]}
7. c3 {[%clk 01:27:27]} Nf6 {[%clk 01:26:04]} 8. Nbd2 {[%clk 01:24:21]} O-O
{[%clk 01:25:37]} 9. O-O {[%clk 01:24:16]} Bf5 {[%clk 01:16:26]} 10. Bxf5
{[%clk 01:24:37]} gxf5 {[%clk 01:15:50]} 11. Ne5 {[%clk 01:20:16]} Ne4 {[%clk
01:10:22]} 12. Nxc6 {[%clk 01:19:48]} bxc6 {[%clk 01:07:04]} 13. Nxe4 {[%clk
01:19:07]} fxe4 {[%clk 00:59:36]} 14. Qd2 {[%clk 00:56:42]} f6 {[%clk
00:57:49]} 15. Bh6 {[%clk 00:54:43]} e5 {[%clk 00:56:36]} 16. Bxg7 {[%clk
00:54:47]} Kxg7 {[%clk 00:48:01]} 17. dxe5 {[%clk 00:55:00]} fxe5 {[%clk
00:47:38]} 18. Rad1 {[%clk 00:35:02]} Qh4 {[%clk 00:43:13]} 19. Qe3 {[%clk
00:29:01]} Rf6 {[%clk 00:39:47]} 20. Qg3+ {[%clk 00:29:00]} Qxg3 {[%clk
00:38:41]} 21. hxg3 {[%clk 00:28:38]} Raf8 {[%clk 00:38:07]} 22. Rde1 {[%clk
00:19:33]} Rg6 {[%clk 00:34:49]} 23. Re2 {[%clk 00:19:14]} Rf5 {[%clk
00:29:42]} 24. c4 {[%clk 00:15:21]} Rh5 {[%clk 00:27:48]} 25. Rfe1 {[%clk
00:15:14]} Rgh6 {[%clk 00:27:30]} 26. f3 {[%clk 00:12:13]} Rh1+ {[%clk
00:27:54]} 27. Kf2 {[%clk 00:12:14]} exf3 {[%clk 00:23:24]} 28. Rxe5 {[%clk
00:11:25]} fxg2 {[%clk 00:22:11]} 29. Re7+ {[%clk 00:11:11]} Kf6 {[%clk
00:07:58]} 30. R1e6+ {[%clk 00:10:55]} Kf5 {[%clk 00:07:36]} 31. Re1 {[%clk
00:09:33]} Kg4 {[%clk 00:05:45]} 32. Rg1 {[%clk 00:09:31]} Kh3 {[%clk
00:05:47]} 33. Rf7 {[%clk 00:09:13]} Rxg1 {[%clk 00:06:10]} 34. Kxg1 {[%clk
00:07:24]} Kxg3 {[%clk 00:06:23]} 35. Rg7+ {[%clk 00:07:22]} Kf3 {[%clk
00:06:16]} 36. Rf7+ {[%clk 00:06:24]} Kg3 {[%clk 00:06:04]} 37. Rg7+ {[%clk
00:05:06]} Kh3 {[%clk 00:04:25]} 38. Rxa7 {[%clk 00:05:17]} Rh4 {[%clk
00:03:39]} 39. cxd5 {[%emt 03:35:01]} 1/2-1/2

[Event "DVM U14 2021"]
[Site "Willingen GER"]
[Date "2022.08.15"]
[Round "5"]
[White "Apel, Linus"]
[Black "Trenz, Finn"]
[Result "0-1"]
[Termination "normal"]
[Board "10.1"]
[WhiteElo "1488"]
[BlackElo "1667"]
[WhiteClock "00:01:44"]
[BlackClock "00:02:01"]
[WhiteTeam "USV Erfurt"]
[BlackTeam "SV Multatuli Ingelheim"]
[PlyCount "84"]
[WhiteFideId "16265785"]
[BlackFideId "16279379"]
[EventCountry "GER"]
[EventRounds "7"]
[EventType "team-swiss"]
[EventDate "2022.08.12"]

1. e4 {[%clk 01:30:27]} {[%emt 00:00:02]} d5 {[%clk 01:31:14]} 2. exd5 {[%clk
01:30:48]} Qxd5 {[%clk 01:31:31]} 3. Nc3 {[%clk 01:31:13]} Qd6 {[%clk
01:31:52]} 4. d4 {[%clk 01:31:38]} Nf6 {[%clk 01:30:37]} 5. Bc4 {[%clk
01:30:41]} a6 {[%clk 01:30:45]} 6. Nf3 {[%clk 01:30:57]} b5 {[%clk 01:29:23]}
7. Be2 {[%clk 01:31:05]} Bb7 {[%clk 01:25:51]} 8. O-O {[%clk 01:30:30]} e6
{[%clk 01:19:31]} 9. Bg5 {[%clk 01:29:49]} Nbd7 {[%clk 01:17:46]} 10. Qd2
{[%clk 01:28:55]} c5 {[%clk 01:14:09]} 11. Rad1 {[%clk 01:20:00]} b4 {[%clk
01:11:15]} 12. Nb1 {[%clk 01:18:17]} Ne4 {[%clk 01:11:11]} 13. Qc1 {[%clk
01:18:25]} Nxg5 {[%clk 01:11:04]} 14. Qxg5 {[%clk 01:17:44]} h6 {[%clk
01:11:03]} 15. Qe3 {[%clk 01:12:21]} Nf6 {[%clk 01:04:29]} 16. dxc5 {[%clk
01:12:34]} Qxc5 {[%clk 00:57:53]} 17. Qxc5 {[%clk 01:12:56]} Bxc5 {[%clk
00:58:09]} 18. c3 {[%clk 01:10:15]} a5 {[%clk 00:47:34]} 19. Ne5 {[%clk
01:08:14]} Ke7 {[%clk 00:33:57]} 20. Nd2 {[%clk 00:53:07]} bxc3 {[%clk
00:33:59]} 21. bxc3 {[%clk 00:41:57]} Rhc8 {[%clk 00:29:11]} 22. c4 {[%clk
00:34:57]} Rc7 {[%clk 00:28:09]} 23. Bf3 {[%clk 00:34:41]} Bxf3 {[%clk
00:27:41]} 24. Ndxf3 {[%clk 00:31:41]} Rac8 {[%clk 00:23:20]} 25. Rb1 {[%clk
00:27:31]} Ne4 {[%clk 00:19:53]} 26. Rb2 {[%clk 00:24:44]} Nd6 {[%clk
00:10:33]} 27. Re1 {[%clk 00:22:23]} Bb4 {[%clk 00:09:43]} 28. Rd1 {[%clk
00:20:27]} Nxc4 {[%clk 00:09:07]} 29. Rc2 {[%clk 00:20:07]} Nxe5 {[%clk
00:09:30]} 30. Rxc7+ {[%clk 00:20:32]} Rxc7 {[%clk 00:09:54]} 31. Nxe5 {[%clk
00:19:59]} f6 {[%clk 00:09:11]} 32. Ng6+ {[%clk 00:17:17]} Kf7 {[%clk
00:09:34]} 33. Nf4 {[%clk 00:16:01]} e5 {[%clk 00:07:47]} 34. Nd3 {[%clk
00:12:34]} Be7 {[%clk 00:05:20]} 35. f4 {[%clk 00:12:15]} e4 {[%clk 00:04:14]}
36. Ne1 {[%clk 00:11:31]} f5 {[%clk 00:03:36]} 37. Rd5 {[%clk 00:11:34]} Rc5
{[%clk 00:03:51]} 38. Rd7 {[%clk 00:10:40]} Ke6 {[%clk 00:04:04]} 39. Rd1
{[%clk 00:09:28]} g5 {[%clk 00:04:07]} 40. g3 {[%clk 00:06:31]} Rd5 {[%clk
00:04:10]} 41. Rc1 {[%clk 00:04:27]} Rd2 {[%clk 00:03:33]} 42. Rc6+ {[%clk
00:01:44]} Kd5 {[%clk 00:02:01]} 0-1

[Event "DVM U14 2021"]
[Site "Willingen GER"]
[Date "2022.08.15"]
[Round "5"]
[White "Stiehl, Richard"]
[Black "Gloria, Fabian"]
[Result "1-0"]
[Termination "normal"]
[Board "10.4"]
[WhiteElo "1272"]
[BlackElo "1420"]
[WhiteClock "00:19:05"]
[BlackClock "00:33:20"]
[WhiteTeam "SV Multatuli Ingelheim"]
[BlackTeam "USV Erfurt"]
[PlyCount "111"]
[WhiteFideId "16298063"]
[BlackFideId "34630163"]
[EventCountry "GER"]
[EventRounds "7"]
[EventType "team-swiss"]
[EventDate "2022.08.12"]

1. e4 {[%clk 01:30:59]} e5 {[%clk 01:30:56]} {[%emt 00:00:04]} 2. Nf3 {[%clk
01:31:25]} {[%emt 00:00:03]} Nc6 {[%clk 01:31:22]} {[%emt 00:00:05]} 3. Bc4
{[%clk 01:31:51]} {[%emt 00:00:04]} Bc5 {[%clk 01:31:40]} {[%emt 00:00:12]} 4.
d3 {[%clk 01:32:09]} {[%emt 00:00:12]} d6 {[%clk 01:31:50]} {[%emt 00:00:20]}
5. h3 {[%clk 01:32:04]} {[%emt 00:00:35]} h6 {[%clk 01:30:55]} {[%emt
00:01:25]} 6. Nc3 {[%clk 01:32:09]} {[%emt 00:00:25]} Nge7 {[%clk 01:29:22]}
{[%emt 00:02:02]} 7. a3 {[%clk 01:30:27]} {[%emt 00:02:13]} a5 {[%clk
01:28:24]} {[%emt 00:01:28]} 8. Ba2 {[%clk 01:28:18]} {[%emt 00:02:39]} Bd7
{[%clk 01:27:19]} {[%emt 00:01:36]} 9. O-O {[%clk 01:23:34]} {[%emt 00:05:13]}
O-O {[%clk 01:27:28]} {[%emt 00:00:20]} 10. Be3 {[%clk 01:23:34]} {[%emt
00:00:31]} Nd4 {[%clk 01:25:54]} {[%emt 00:02:04]} 11. Bxd4 {[%clk 01:13:18]}
{[%emt 00:10:46]} exd4 {[%clk 01:23:31]} {[%emt 00:02:53]} 12. Ne2 {[%clk
01:12:24]} {[%emt 00:01:23]} Nc6 {[%clk 01:22:47]} {[%emt 00:01:15]} 13. Bd5
{[%clk 01:07:59]} {[%emt 00:04:55]} Qf6 {[%clk 01:17:32]} {[%emt 00:05:45]} 14.
Ng3 {[%clk 01:01:49]} {[%emt 00:06:40]} Qg6 {[%clk 01:12:37]} {[%emt 00:05:24]}
15. Kh2 {[%clk 00:58:22]} {[%emt 00:03:58]} Rab8 {[%clk 01:09:49]} {[%emt
00:03:18]} 16. Nh4 {[%clk 00:53:48]} {[%emt 00:05:02]} Qf6 {[%clk 01:06:02]}
{[%emt 00:04:19]} 17. Bxc6 {[%clk 00:50:07]} {[%emt 00:04:11]} bxc6 {[%clk
01:04:50]} {[%emt 00:01:41]} 18. Nhf5 {[%clk 00:47:13]} {[%emt 00:03:24]} Bxf5
{[%clk 00:57:01]} {[%emt 00:08:19]} 19. Nxf5 {[%clk 00:45:49]} {[%emt
00:01:55]} Rxb2 {[%clk 00:51:20]} {[%emt 00:06:11]} 20. Qd2 {[%clk 00:40:11]}
{[%emt 00:06:08]} Ra8 {[%clk 00:45:54]} {[%emt 00:05:54]} 21. Rfc1 {[%clk
00:35:30]} {[%emt 00:05:12]} Kh7 {[%clk 00:40:40]} {[%emt 00:05:44]} 22. Qd1
{[%clk 00:29:56]} {[%emt 00:06:04]} g6 {[%clk 00:34:29]} {[%emt 00:06:42]} 23.
Ng3 {[%clk 00:23:46]} {[%emt 00:06:39]} Qxf2 {[%clk 00:31:30]} {[%emt
00:03:29]} 24. Qf3 {[%clk 00:19:25]} {[%emt 00:04:51]} Qxf3 {[%clk 00:31:33]}
{[%emt 00:00:26]} 25. gxf3 {[%clk 00:19:48]} {[%emt 00:00:08]} Rab8 {[%clk
00:29:02]} {[%emt 00:03:02]} 26. Nf1 {[%clk 00:18:28]} {[%emt 00:01:49]} R8b3
{[%clk 00:24:16]} {[%emt 00:05:15]} 27. Nd2 {[%clk 00:15:46]} {[%emt 00:03:12]}
Rc3 {[%clk 00:20:00]} {[%emt 00:04:47]} 28. Nc4 {[%clk 00:14:44]} {[%emt
00:01:31]} Rbxc2+ {[%clk 00:18:09]} {[%emt 00:02:21]} 29. Rxc2 {[%clk
00:14:44]} {[%emt 00:00:31]} Rxc2+ {[%clk 00:16:42]} {[%emt 00:01:57]} 30. Kg3
{[%clk 00:15:04]} {[%emt 00:00:09]} a4 {[%clk 00:14:30]} {[%emt 00:02:43]} 31.
Na5 {[%clk 00:08:28]} {[%emt 00:07:05]} Bb6 {[%clk 00:12:34]} {[%emt 00:02:26]}
32. Nc4 {[%clk 00:08:43]} {[%emt 00:00:15]} Rc3 {[%clk 00:12:43]} {[%emt
00:00:21]} 33. Rd1 {[%clk 00:07:33]} {[%emt 00:01:40]} Bc5 {[%clk 00:10:35]}
{[%emt 00:02:38]} 34. Kf4 {[%clk 00:05:23]} {[%emt 00:02:39]} f6 {[%clk
00:09:42]} {[%emt 00:01:23]} 35. Rb1 {[%clk 00:03:22]} {[%emt 00:02:31]} Rb3
{[%clk 00:08:40]} {[%emt 00:01:32]} 36. Rxb3 {[%clk 00:02:01]} {[%emt
00:01:51]} axb3 {[%clk 00:09:05]} {[%emt 00:00:05]} 37. Nd2 {[%clk 00:02:25]}
{[%emt 00:00:06]} Bxa3 {[%clk 00:08:38]} {[%emt 00:00:58]} 38. Nxb3 {[%clk
00:02:51]} {[%emt 00:00:04]} Kg7 {[%clk 00:08:52]} {[%emt 00:00:15]} 39. Nxd4
{[%clk 00:03:09]} {[%emt 00:00:13]} Bc1+ {[%clk 00:07:44]} {[%emt 00:01:37]}
40. Kg3 {[%clk 00:03:26]} {[%emt 00:00:13]} Kf7 {[%clk 00:06:53]} {[%emt
00:01:21]} 41. Nxc6 {[%clk 00:02:49]} {[%emt 00:01:08]} Ke6 {[%clk 00:06:36]}
{[%emt 00:00:47]} 42. Nd4+ {[%clk 00:28:59]} {[%emt 00:04:19]} Kd7 {[%clk
00:36:25]} {[%emt 00:00:41]} 43. Kf2 {[%clk 00:27:06]} {[%emt 00:02:23]} c5
{[%clk 00:36:08]} {[%emt 00:00:47]} 44. Nb3 {[%clk 00:24:20]} {[%emt 00:03:16]}
Bb2 {[%clk 00:35:44]} {[%emt 00:00:54]} 45. Ke2 {[%clk 00:20:01]} {[%emt
00:04:49]} Ke6 {[%clk 00:34:42]} {[%emt 00:01:32]} 46. Na5 {[%clk 00:17:45]}
{[%emt 00:02:47]} Ke5 {[%clk 00:32:54]} {[%emt 00:02:17]} 47. Nc4+ {[%clk
00:18:07]} {[%emt 00:00:09]} Kf4 {[%clk 00:32:39]} {[%emt 00:00:44]} 48. Nxb2
{[%clk 00:17:35]} {[%emt 00:01:02]} Kg3 {[%clk 00:33:01]} {[%emt 00:00:08]} 49.
Nc4 {[%clk 00:17:23]} {[%emt 00:00:43]} Kxh3 {[%clk 00:33:19]} {[%emt
00:00:10]} 50. Kf2 {[%clk 00:17:39]} {[%emt 00:00:15]} f5 {[%clk 00:32:39]}
{[%emt 00:01:11]} 51. Nxd6 {[%clk 00:17:28]} {[%emt 00:00:41]} f4 {[%clk
00:31:48]} {[%emt 00:01:21]} 52. e5 {[%clk 00:17:48]} {[%emt 00:00:10]} g5
{[%clk 00:32:14]} {[%emt 00:00:04]} 53. e6 {[%clk 00:18:12]} {[%emt 00:00:06]}
g4 {[%clk 00:32:39]} {[%emt 00:00:06]} 54. fxg4 {[%clk 00:18:18]} {[%emt
00:00:25]} Kxg4 {[%clk 00:33:04]} {[%emt 00:00:05]} 55. e7 {[%clk 00:18:42]}
{[%emt 00:00:05]} h5 {[%clk 00:33:20]} {[%emt 00:00:14]} 56. e8=Q {[%clk
00:19:05]} {[%emt 00:00:08]} 1-0

[Event "DVM U14 2021"]
[Site "Willingen GER"]
[Date "2022.08.15"]
[Round "6"]
[White "Fuhrmann, Bahne"]
[Black "Beyer, Lorenz"]
[Result "1/2-1/2"]
[Termination "normal"]
[Board "2.1"]
[WhiteElo "2079"]
[BlackElo "1637"]
[WhiteClock "00:33:55"]
[BlackClock "00:17:48"]
[WhiteTeam "Hamburger SK 1830"]
[BlackTeam "Barnimer Schachfreunde im SV Stahl Finow"]
[PlyCount "46"]
[WhiteFideId "16244842"]
[BlackFideId "16245393"]
[EventCountry "GER"]
[EventRounds "7"]
[EventType "team-swiss"]
[EventDate "2022.08.12"]

1. d4 {[%clk 01:30:49]} d5 {[%clk 01:28:44]} 2. c4 {[%clk 01:31:16]} e6 {[%clk
01:29:11]} 3. Nf3 {[%clk 01:31:41]} Nf6 {[%clk 01:29:37]} 4. g3 {[%clk
01:30:08]} dxc4 {[%clk 01:29:49]} 5. Bg2 {[%clk 01:30:13]} Nbd7 {[%clk
01:26:36]} 6. O-O {[%clk 01:30:22]} Be7 {[%clk 01:24:16]} 7. Na3 {[%clk
01:29:15]} O-O {[%clk 01:24:21]} 8. Nxc4 {[%clk 01:28:56]} c5 {[%clk 01:23:49]}
9. dxc5 {[%clk 01:28:42]} Nxc5 {[%clk 01:22:32]} 10. Qc2 {[%clk 01:18:48]} Nd5
{[%clk 01:17:28]} 11. a3 {[%clk 01:18:31]} Bd7 {[%clk 01:00:44]} 12. e4 {[%clk
01:10:38]} Ba4 {[%clk 01:01:04]} 13. Qe2 {[%clk 01:08:51]} Nb6 {[%clk
00:53:33]} 14. Be3 {[%clk 00:55:37]} Bb5 {[%clk 00:36:30]} 15. Bxc5 {[%clk
00:49:30]} Bxc4 {[%clk 00:36:53]} 16. Bxb6 {[%clk 00:49:56]} Bxe2 {[%clk
00:37:18]} 17. Bxd8 {[%clk 00:50:14]} Rfxd8 {[%clk 00:35:59]} 18. Rfe1 {[%clk
00:42:45]} Bb5 {[%clk 00:34:37]} 19. Rac1 {[%clk 00:42:16]} Rac8 {[%clk
00:34:05]} 20. Bf1 {[%clk 00:38:54]} Ba4 {[%clk 00:27:57]} 21. h4 {[%clk
00:35:48]} h6 {[%clk 00:23:50]} 22. Kg2 {[%clk 00:33:31]} Bf6 {[%clk 00:17:48]}
23. e5 {[%clk 00:33:55]} Be7 1/2-1/2